[Event "XII Open Vallee d'Aoste A"]
[Site "Saint Vincent - Chatillon ITA"]
[Date "2004.02.10"]
[Round "4"]
[White "Gagunashvili, Merab"]
[Black "Zhukova, Natalia"]
[Result "1-0"]
[WhiteElo "2583"]
[BlackElo "2462"]
[PlyCount "73"]
[EventDate "2004.02.08"]

1. d4 d5 2. c4 c6 3. Nf3 Nf6 4. Nc3 dxc4 5. a4 Bf5 6. Ne5 Nbd7 7. Nxc4 Qc7 8.
Bg5 Nd5 9. f3 Nxc3 10. bxc3 e5 11. e4 Be6 12. a5 f6 13. Be3 exd4 14. cxd4 Bb4+
15. Bd2 Bxd2+ 16. Qxd2 O-O 17. Be2 Rfd8 18. O-O Nf8 19. Rfd1 Rd7 20. Rac1 Rad8
21. Qe3 Qb8 22. f4 Kh8 23. f5 Bxc4 24. Rxc4 Re7 25. a6 Nd7 26. axb7 Qxb7 27.
Rdc1 Nb8 28. Bd3 Qd7 29. Qf4 a5 30. Kh1 Qa7 31. Bf1 Red7 32. Rb1 Na6 33. e5
Rxd4 34. Rxd4 Rxd4 35. Qe3 fxe5 36. Bxa6 h6 37. Qxe5 1-0

[Event "XII Open Vallee d'Aoste A"]
[Site "Saint Vincent - Chatillon ITA"]
[Date "2004.02.10"]
[Round "4"]
[White "Godena, Michele"]
[Black "Dittmar, Peter"]
[Result "1-0"]
[WhiteElo "2515"]
[BlackElo "2369"]
[PlyCount "137"]
[EventDate "2004.02.08"]

1. e4 c6 2. d4 d5 3. Nd2 dxe4 4. Nxe4 Nf6 5. Nxf6+ exf6 6. c3 Bd6 7. Bd3 O-O 8.
Ne2 Re8 9. O-O Qc7 10. Ng3 g6 11. Ne4 Be7 12. Re1 Be6 13. Qf3 Nd7 14. Bf4 Qb6
15. b3 c5 16. dxc5 Nxc5 17. Be3 f5 18. Ng5 Bxg5 19. Bxg5 Nxd3 20. Qxd3 Kg7 21.
Qh3 h5 22. Qh4 Bd5 23. Be3 Qc6 24. Qg5 Rh8 25. c4 Be4 26. f3 f6 27. Bd4 Rad8
28. Qe3 Rhe8 29. Qf2 Bd3 30. Bxa7 Rxe1+ 31. Rxe1 Re8 32. Be3 b5 33. cxb5 Qxb5
34. h4 Re7 35. Bh6+ Kf7 36. Rxe7+ Kxe7 37. Qa7+ Qd7 38. Qc5+ Ke6 39. Be3 Be2
40. Kf2 Ba6 41. Bd4 Qb5 42. Qc1 Kd5 43. Qd2 Qd3 44. Qxd3 Bxd3 45. Bxf6 Bb1 46.
a3 Bc2 47. b4 Ba4 48. Ke3 Bb5 49. Kf4 Ke6 50. Bc3 Ba4 51. Kg5 Kf7 52. f4 Bc6
53. g3 Bd7 54. Be1 Kg7 55. Bc3+ Kf7 56. Bd4 Bc6 57. g4 hxg4 58. h5 gxh5 59.
Kxf5 Be8 60. Bf2 Ke7 61. Ke5 Bd7 62. Bh4+ Kf7 63. Kd6 Be8 64. Kc5 Ke6 65. b5
Kd7 66. a4 Kc7 67. f5 Kb7 68. f6 Ka7 69. Kd6 1-0

[Event "XII Open Vallee d'Aoste A"]
[Site "Saint Vincent - Chatillon ITA"]
[Date "2004.02.10"]
[Round "4"]
[White "Golod, Vitali"]
[Black "Drabke, Lorenz Maximilian"]
[Result "1/2-1/2"]
[WhiteElo "2544"]
[BlackElo "2439"]
[PlyCount "35"]
[EventDate "2004.02.08"]

1. Nf3 d5 2. e3 Nf6 3. c4 c6 4. Nc3 Bg4 5. cxd5 Bxf3 6. Qxf3 cxd5 7. g4 e6 8.
g5 Nfd7 9. h4 Nc6 10. d4 Nb6 11. Bd2 Bd6 12. Rc1 Rc8 13. Bd3 a6 14. b3 Ba3 15.
Rd1 Bb4 16. Rc1 Ba3 17. Rd1 Bb4 18. Rc1 1/2-1/2

[Event "XII Open Vallee d'Aoste A"]
[Site "Saint Vincent - Chatillon ITA"]
[Date "2004.02.10"]
[Round "4"]
[White "Massa, Giovanni"]
[Black "Giffard, Nicolas"]
[Result "1/2-1/2"]
[WhiteElo "2134"]
[BlackElo "2345"]
[PlyCount "58"]
[EventDate "2004.02.08"]

1. e4 c6 2. d4 d5 3. Nc3 dxe4 4. Nxe4 Bf5 5. Ng3 Bg6 6. h4 h6 7. Nf3 Nd7 8. h5
Bh7 9. Bd3 Ngf6 10. Bxh7 Nxh7 11. Qe2 e6 12. Bf4 Bb4+ 13. c3 Be7 14. O-O-O Ng5
15. Ne5 O-O 16. Kb1 Nxe5 17. dxe5 Qc7 18. Qe3 Rfd8 19. Bxg5 Bxg5 20. f4 Be7 21.
Ne4 Rd7 22. Qe2 Rad8 23. Rxd7 Qxd7 24. Kc2 Kf8 25. Rd1 Qxd1+ 26. Qxd1 Rxd1 27.
Kxd1 f5 28. Nd2 Bc5 29. Ke2 Kf7 1/2-1/2

[Event "XII Open Vallee d'Aoste A"]
[Site "Saint Vincent - Chatillon ITA"]
[Date "2004.02.10"]
[Round "4"]
[White "Nevednichy, Vladislav"]
[Black "Sedina, Elena"]
[Result "1/2-1/2"]
[WhiteElo "2548"]
[BlackElo "2393"]
[PlyCount "92"]
[EventDate "2004.02.08"]

1. e4 e6 2. d4 d5 3. Nd2 c5 4. exd5 exd5 5. Bb5+ Nc6 6. Ne2 Nf6 7. O-O Bd6 8.
dxc5 Bxc5 9. Nb3 Be7 10. Ned4 Bd7 11. Bf4 O-O 12. Bd3 Nxd4 13. Nxd4 Qb6 14. Nb3
Bb5 15. c3 Rfe8 16. Re1 Bxd3 17. Qxd3 Bd6 18. Bxd6 Qxd6 19. Qd4 a6 20. f3 h6
21. Qc5 Qd7 22. Qb4 Rxe1+ 23. Rxe1 Re8 24. Rxe8+ Qxe8 25. Kf2 Qb8 26. g3 Qc8
27. Nd4 Qd7 28. a4 h5 29. a5 g6 30. Qb6 Kg7 31. h4 Qh3 32. Ne2 Qf5 33. Qd4 Kh7
34. Qf4 Qe6 35. Qc7 Kg7 36. Qxb7 Qf5 37. Nd4 Ng4+ 38. Ke2 Qe5+ 39. Kd2 Ne3 40.
Qxa6 Nc4+ 41. Kc2 Qxg3 42. Qb5 Qxh4 43. a6 Qe7 44. Qb7 Qe1 45. a7 Qd2+ 46. Kb1
Qd1+ 1/2-1/2

[Event "XII Open Vallee d'Aoste A"]
[Site "Saint Vincent - Chatillon ITA"]
[Date "2004.02.10"]
[Round "4"]
[White "Nordahl, Helge"]
[Black "Rombaldoni, Denis"]
[Result "1-0"]
[WhiteElo "2346"]
[BlackElo "2133"]
[PlyCount "171"]
[EventDate "2004.02.08"]

1. d4 d5 2. c4 e6 3. Nc3 Be7 4. Nf3 Nf6 5. Bg5 Nbd7 6. cxd5 Nxd5 7. Bxe7 Qxe7
8. e4 Nxc3 9. bxc3 O-O 10. Bd3 e5 11. O-O a6 12. Re1 b6 13. Qd2 Bb7 14. Kh1
Rad8 15. Qe2 Qa3 16. Rac1 Rfe8 17. Bc4 b5 18. Bb3 h6 19. d5 Nc5 20. c4 b4 21.
Qe3 Qa5 22. Red1 Qb6 23. Ne1 Qd6 24. f3 a5 25. Nd3 Nxd3 26. c5 Qa6 27. Qxd3
Qxd3 28. Rxd3 Ba6 29. Rd2 Bb5 30. c6 Rd6 31. h3 Rb8 32. Bc4 Bxc6 33. Be2 Bb5
34. Rxc7 Bxe2 35. Rxe2 a4 36. Ra7 b3 37. Rb2 Rb4 38. axb3 axb3 39. Ra3 Rdb6 40.
Kg1 Kf8 41. Kf2 Ke7 42. Ke3 Kd6 43. Ra7 Kc5 44. Rc7+ Kd6 45. Rxf7 Ra4 46. Kd3
Kc5 47. Rc7+ Kb4 48. Rb1 Ra2 49. Rc3 Ka4 50. Kc4 b2 51. Rc2 Ka3 52. Rc3+ Ka4
53. Rc2 Ka3 54. Kc5 Rb8 55. Rd2 Kb3 56. d6 Kc3 57. Rdxb2 Raxb2 58. Rxb2 Kxb2
59. f4 exf4 60. e5 Rc8+ 61. Kd5 Rc2 62. e6 Rxg2 63. e7 Re2 64. d7 Rxe7 65. d8=Q
Re3 66. Qh4 g5 67. Qxh6 Rg3 68. Ke4 Kc2 69. Qb6 Rxh3 70. Qc5+ Rc3 71. Qxg5 f3
72. Qg1 Rc8 73. Qf2+ Kc1 74. Qxf3 Re8+ 75. Kd4 Rd8+ 76. Kc4 Kb1 77. Qg2 Rc8+
78. Kb3 Kc1 79. Qf1+ Kd2 80. Qf2+ Kd3 81. Qf3+ Kd2 82. Qf4+ Ke1 83. Qe5+ Kd2
84. Qd6+ Kc1 85. Qf4+ Kd1 86. Qg4+ 1-0

[Event "XII Open Vallee d'Aoste A"]
[Site "Saint Vincent - Chatillon ITA"]
[Date "2004.02.10"]
[Round "4"]
[White "Prie, Eric"]
[Black "Tolhuizen, Ludo"]
[Result "1/2-1/2"]
[WhiteElo "2429"]
[BlackElo "2259"]
[PlyCount "84"]
[EventDate "2004.02.08"]

1. d4 d6 2. Bg5 Nd7 3. Nd2 Ngf6 4. e3 e5 5. Bc4 Be7 6. Ne2 c6 7. O-O b5 8. Bb3
Bb7 9. c4 O-O 10. Rc1 a6 11. Qc2 Nh5 12. Bxe7 Qxe7 13. Rfe1 Kh8 14. a4 Rac8 15.
c5 f5 16. Qc3 Rf6 17. Nf3 e4 18. cxd6 Rxd6 19. Nd2 Rg6 20. Nf1 Qg5 21. Nfg3
Nxg3 22. fxg3 Qe7 23. Qa5 c5 24. Nf4 Rd6 25. axb5 axb5 26. dxc5 Nxc5 27. Qxb5
Ba6 28. Qb4 Nd3 29. Rxc8+ Bxc8 30. Qc4 Rd8 31. Rd1 Qd6 32. h4 Ba6 33. Qf7 Rf8
34. Qa7 Qb4 35. Bd5 Nxf4 36. gxf4 Be2 37. Qd4 Qe7 38. Rc1 Qxh4 39. Qc5 Rd8 40.
Bc4 Bxc4 41. Qxc4 h6 42. Qc3 Kh7 1/2-1/2

[Event "XII Open Vallee d'Aoste A"]
[Site "Saint Vincent - Chatillon ITA"]
[Date "2004.02.10"]
[Round "4"]
[White "Romanishin, Oleg M."]
[Black "Soylu, Suat"]
[Result "1/2-1/2"]
[WhiteElo "2537"]
[BlackElo "2384"]
[PlyCount "35"]
[EventDate "2004.02.08"]

1. d4 d5 2. c4 c6 3. Nf3 Nf6 4. Nc3 dxc4 5. a4 Bf5 6. e3 e6 7. Bxc4 Bb4 8. O-O
Nbd7 9. h3 Bg6 10. Nh4 Bh5 11. Qb3 a5 12. f4 O-O 13. Nf3 Qb6 14. g4 Bg6 15. Ne5
Nxe5 16. dxe5 Nd5 17. Bxd5 cxd5 18. Ne2 1/2-1/2

[Event "XII Open Vallee d'Aoste A"]
[Site "Saint Vincent - Chatillon ITA"]
[Date "2004.02.10"]
[Round "4"]
[White "Rybenko, Kseniya"]
[Black "Ciuksyte, Dagne"]
[Result "0-1"]
[WhiteElo "2242"]
[BlackElo "2392"]
[PlyCount "48"]
[EventDate "2004.02.08"]

1. e4 c5 2. Nf3 e6 3. c3 Nf6 4. e5 Nd5 5. Bc4 d6 6. d4 cxd4 7. cxd4 Nc6 8. O-O
Be7 9. Qe2 O-O 10. Qe4 Bd7 11. Bd3 f5 12. exf6 Nxf6 13. Qe2 Qa5 14. Nc3 Qh5 15.
Bd2 Rae8 16. Ne4 Nxe4 17. Qxe4 d5 18. Qe3 Bd6 19. h3 Bf4 20. Qe1 Bxd2 21. Qxd2
Rxf3 22. gxf3 e5 23. dxe5 Bxh3 24. Rfe1 Rxe5 0-1

[Event "XII Open Vallee d'Aoste A"]
[Site "Saint Vincent - Chatillon ITA"]
[Date "2004.02.10"]
[Round "4"]
[White "Saldano Dayer, Horacio"]
[Black "Flear, Christine"]
[Result "1-0"]
[WhiteElo "2420"]
[BlackElo "2249"]
[PlyCount "41"]
[EventDate "2004.02.08"]

1. e4 c5 2. Nf3 Nc6 3. Nc3 e5 4. Bc4 d6 5. d3 Be7 6. O-O Be6 7. Nd5 Nf6 8. Ng5
Bxd5 9. exd5 Nb8 10. Bb5+ Kf8 11. f4 exf4 12. Bxf4 Qb6 13. Bc4 Nbd7 14. Qe2 h6
15. Nxf7 Kxf7 16. Qe6+ Kf8 17. Rae1 Re8 18. Bg3 h5 19. Qxd7 Kf7 20. Qe6+ Kg6
21. d4 1-0

[Event "XII Open Vallee d'Aoste A"]
[Site "Saint Vincent - Chatillon ITA"]
[Date "2004.02.10"]
[Round "4"]
[White "Tiviakov, Sergei"]
[Black "Naumkin, Igor"]
[Result "1/2-1/2"]
[WhiteElo "2600"]
[BlackElo "2416"]
[PlyCount "35"]
[EventDate "2004.02.08"]

1. e4 e6 2. d4 d5 3. Nd2 c5 4. exd5 Qxd5 5. dxc5 Bxc5 6. Ngf3 Nf6 7. Bc4 Qd6 8.
Qe2 O-O 9. O-O Nbd7 10. Nb3 Bb6 11. Bg5 a6 12. Rfd1 Qb8 13. Nbd4 Bc7 14. Bd3
Re8 15. Nb3 b5 16. h3 h6 17. Bxf6 Nxf6 18. Nfd2 1/2-1/2

[Event "XII Open Vallee d'Aoste A"]
[Site "Saint Vincent - Chatillon ITA"]
[Date "2004.02.10"]
[Round "4"]
[White "Tomba, Ivan"]
[Black "Mantovani, Renzo"]
[Result "1-0"]
[WhiteElo "2236"]
[BlackElo "2375"]
[PlyCount "121"]
[EventDate "2004.02.08"]

1. e4 e6 2. d4 d5 3. e5 c5 4. c3 Qb6 5. Nf3 Bd7 6. a3 Bb5 7. c4 Bxc4 8. Bxc4
dxc4 9. d5 Ne7 10. dxe6 Qxe6 11. Nc3 Ng6 12. O-O Qd7 13. Qc2 Nc6 14. Nb5 Ncxe5
15. Nxe5 Nxe5 16. Qa4 Ke7 17. Rd1 Qc6 18. Re1 Kf6 19. Rxe5 Kxe5 20. Qxc4 Kf6
21. Qf4+ Ke7 22. Qe5+ Qe6 23. Qxc5+ Ke8 24. Nc7+ Kd7 25. Nxe6 Bxc5 26. Nxc5+
Kc6 27. Be3 b6 28. Ne4 Rhd8 29. Rc1+ Kb7 30. g3 f5 31. Ng5 h6 32. Ne6 Rd7 33.
Nd4 g6 34. h4 Re8 35. h5 Re4 36. hxg6 Rexd4 37. Bxd4 Rxd4 38. Re1 Rg4 39. Re7+
Kc6 40. g7 a5 41. Rf7 a4 42. Rxf5 Rxg7 43. Rf6+ Kc5 44. Rxh6 Rd7 45. Rh4 b5 46.
Rb4 Rd5 47. Kg2 Kd6 48. g4 Ke6 49. Kg3 Kf6 50. f3 Kg6 51. b3 axb3 52. Rxb3 Kg5
53. Rb4 Kg6 54. a4 bxa4 55. Rxa4 Rd6 56. Ra5 Rb6 57. f4 Rc6 58. Kh4 Rb6 59. f5+
Kh7 60. Ra7+ Kh8 61. Kg5 1-0

[Event "XII Open Vallee d'Aoste A"]
[Site "Saint Vincent - Chatillon ITA"]
[Date "2004.02.10"]
[Round "4"]
[White "Van den Bersselaar, Jeroen"]
[Black "Manca, Federico"]
[Result "0-1"]
[WhiteElo "2188"]
[BlackElo "2363"]
[PlyCount "80"]
[EventDate "2004.02.08"]

1. d4 d5 2. c4 e6 3. Nf3 c5 4. cxd5 exd5 5. Nc3 Nc6 6. g3 Nf6 7. Bg2 Be7 8. O-O
O-O 9. Bg5 cxd4 10. Nxd4 h6 11. Be3 Re8 12. Qc2 Bg4 13. h3 Bd7 14. Rad1 Qc8 15.
Kh2 Bf8 16. a3 Re5 17. Bf4 Rh5 18. h4 g5 19. Bxd5 gxf4 20. Qg6+ Bg7 21. Qxf7+
Kh8 22. Ne6 Bxe6 23. Bxe6 Qb8 24. Nd5 fxg3+ 25. fxg3 Rxh4+ 26. Kg2 Ne5 27. Qe7
Nxd5 28. Rxd5 Re4 29. Rd2 Re3 30. Rh1 Rxg3+ 31. Kf2 Rg6 32. Bf5 Qf8 33. Qxf8+
Rxf8 34. e4 Nc4 35. Rd7 Nd6 36. Rh5 Nxf5 37. exf5 Rb6 38. b4 Ra6 39. Rd3 Bb2
40. b5 Raf6 0-1

[Event "XII Open Vallee d'Aoste A"]
[Site "Saint Vincent - Chatillon ITA"]
[Date "2004.02.10"]
[Round "4"]
[White "Wagman, Stuart"]
[Black "Isonzo, David"]
[Result "1/2-1/2"]
[WhiteElo "2132"]
[BlackElo "2336"]
[PlyCount "79"]
[EventDate "2004.02.08"]

1. e4 c5 2. Nf3 Nc6 3. d4 cxd4 4. Nxd4 g6 5. Be2 Bg7 6. Nb3 Nf6 7. Nc3 O-O 8.
O-O d6 9. Bg5 Be6 10. Kh1 Rc8 11. f4 Na5 12. f5 Bc4 13. Bd3 b5 14. Qe1 b4 15.
Nd1 Nxb3 16. axb3 Bxd3 17. cxd3 Qb6 18. Ne3 Qd4 19. Qe2 e6 20. Nc4 Qc5 21. Be3
Qc6 22. fxe6 fxe6 23. Rxa7 d5 24. exd5 exd5 25. Ne5 Qe6 26. d4 Ne4 27. Rxf8+
Rxf8 28. Ra1 Bxe5 29. dxe5 Qxe5 30. Qd3 Qf5 31. Kg1 Ng3 32. Qxf5 Nxf5 33. Bc5
Rc8 34. Bxb4 Rc2 35. Be1 d4 36. Bf2 d3 37. Rd1 Rxb2 38. g4 Nh6 39. Rxd3 Nxg4
40. Bg3 1/2-1/2

[Event "XII Open Vallee d'Aoste A"]
[Site "Saint Vincent - Chatillon ITA"]
[Date "2004.02.10"]
[Round "4"]
[White "Welling, Gerard"]
[Black "Schaefer, Michael"]
[Result "1-0"]
[WhiteElo "2373"]
[BlackElo "2179"]
[PlyCount "87"]
[EventDate "2004.02.08"]

1. d4 Nf6 2. c4 c5 3. d5 e6 4. Nc3 exd5 5. cxd5 d6 6. e4 g6 7. f3 Bg7 8. Bg5 h6
9. Be3 O-O 10. Qd2 Re8 11. Nge2 h5 12. Nc1 a6 13. a4 Nbd7 14. Be2 Qc7 15. O-O
Rb8 16. Nb3 Ne5 17. Qc2 Bd7 18. h3 b5 19. Nd2 c4 20. Nd1 Rec8 21. axb5 Bxb5 22.
Nc3 Nfd7 23. f4 Nd3 24. Nxb5 axb5 25. Bxd3 cxd3 26. Qxd3 Bxb2 27. Rab1 Qc2 28.
Qxc2 Rxc2 29. Nf3 Nf6 30. Bd4 Bxd4+ 31. Nxd4 Rc4 32. Nxb5 Nxe4 33. Nxd6 Rxb1
34. Nxc4 Rb5 35. Ne3 Rb3 36. Re1 Rd3 37. Nc4 f5 38. Ne5 Rxd5 39. Nxg6 Kf7 40.
Nh4 Kf6 41. g4 hxg4 42. hxg4 Ng5 43. fxg5+ Kxg5 44. Nxf5 1-0

[Event "XII Open Vallee d'Aoste A"]
[Site "Saint Vincent - Chatillon ITA"]
[Date "2004.02.10"]
[Round "4"]
[White "Yeuillaz, Corrado"]
[Black "Qendro, Llambi"]
[Result "0-1"]
[WhiteElo "2199"]
[BlackElo "2374"]
[PlyCount "118"]
[EventDate "2004.02.08"]

1. d4 d6 2. e4 Nf6 3. Bd3 e5 4. c3 Nc6 5. Nf3 Be7 6. O-O O-O 7. Re1 Bg4 8. d5
Nb8 9. Nbd2 c6 10. h3 Bh5 11. c4 Na6 12. Nf1 Nc5 13. Bc2 a5 14. Ng3 Bg6 15. Nh4
Bxe4 16. Nxe4 Nfxe4 17. Nf5 Nf6 18. Be3 cxd5 19. cxd5 b6 20. f4 e4 21. Bxc5
bxc5 22. Bxe4 Nxe4 23. Rxe4 Bf6 24. Qe2 Rb8 25. Rb1 g6 26. Ne3 Bd4 27. Kh1 Bxe3
28. Qxe3 Re8 29. f5 Rxe4 30. Qxe4 Qf6 31. fxg6 hxg6 32. b3 Rb4 33. Qe2 Rf4 34.
Rg1 Rf2 35. Qe8+ Kg7 36. Qa4 Qc3 37. Qd7 Rf6 38. Qd8 Qd2 39. a4 Qxd5 40. Qxa5
Qxb3 41. Ra1 Qb2 42. Qe1 Rf2 43. Rb1 Qd2 44. Qg1 Re2 45. Ra1 Qa5 46. Qd1 Re6
47. Rc1 Rf6 48. Rc4 d5 49. Rc1 d4 50. Qc2 Rf5 51. Kg1 Qa6 52. Rd1 Rd5 53. Qe4
Qxa4 54. Rb1 Qd7 55. Rb8 d3 56. Qh4 Rh5 57. Qd8 Qxd8 58. Rxd8 c4 59. Kf2 Re5
0-1

[Event "XII Open Vallee d'Aoste A"]
[Site "Saint Vincent - Chatillon ITA"]
[Date "2004.02.11"]
[Round "5"]
[White "Bruzon Batista, Lazaro"]
[Black "Godena, Michele"]
[Result "0-1"]
[WhiteElo "2603"]
[BlackElo "2515"]
[PlyCount "84"]
[EventDate "2004.02.08"]

1. Nf3 d5 2. c4 e6 3. d4 Nf6 4. Bg5 Nbd7 5. cxd5 exd5 6. Nc3 c6 7. e3 Qa5 8.
Bd3 Ne4 9. O-O Nxg5 10. Nxg5 Nf6 11. f4 h6 12. Nf3 Bg4 13. Qb3 Qb6 14. Ne5 Qxb3
15. axb3 Be6 16. f5 Bd7 17. e4 Bb4 18. exd5 cxd5 19. Rfc1 a6 20. Rc2 Rd8 21. g4
Bd6 22. Be2 O-O 23. Bf3 Rfe8 24. Re2 Bc8 25. Rd1 Bb8 26. Kg2 Kf8 27. Rdd2 Re7
28. h4 Ne4 29. Bxe4 dxe4 30. Nxe4 h5 31. f6 gxf6 32. Nxf6 Bxg4 33. Nfxg4 hxg4
34. Nxg4 Rxe2+ 35. Rxe2 Rxd4 36. Nf6 Kg7 37. Ne4 Rb4 38. Kf3 Rxb3+ 39. Kg4 Rb4
40. Kh5 Rb5+ 41. Ng5 Be5 42. Rd2 Bf6 0-1

[Event "XII Open Vallee d'Aoste A"]
[Site "Saint Vincent - Chatillon ITA"]
[Date "2004.02.11"]
[Round "5"]
[White "Buchicchio, Giampaolo"]
[Black "Saldano Dayer, Horacio"]
[Result "0-1"]
[WhiteElo "2294"]
[BlackElo "2420"]
[PlyCount "42"]
[EventDate "2004.02.08"]

1. e4 c5 2. c3 Nf6 3. e5 Nd5 4. d4 cxd4 5. Nf3 Nc6 6. cxd4 e6 7. Nc3 d6 8. Bb5
Be7 9. O-O O-O 10. Nxd5 exd5 11. Bf4 Bg4 12. Bxc6 bxc6 13. Qd3 Bxf3 14. Qxf3
dxe5 15. Bxe5 Re8 16. Rac1 Qb6 17. Rc2 Bf8 18. Rfc1 Re6 19. Qg4 Rae8 20. f4 f6
21. f5 Rxe5 0-1

[Event "XII Open Vallee d'Aoste A"]
[Site "Saint Vincent - Chatillon ITA"]
[Date "2004.02.11"]
[Round "5"]
[White "Ciuksyte, Dagne"]
[Black "Tiviakov, Sergei"]
[Result "0-1"]
[WhiteElo "2392"]
[BlackElo "2600"]
[PlyCount "86"]
[EventDate "2004.02.08"]

1. e4 c6 2. d4 d5 3. Nd2 dxe4 4. Nxe4 Bf5 5. Ng3 Bg6 6. Bc4 e6 7. N1e2 Nf6 8.
Nf4 Bd6 9. Bb3 Qc7 10. Qf3 Nbd7 11. Bd2 O-O-O 12. O-O-O c5 13. Nxg6 hxg6 14.
dxc5 Nxc5 15. Bc3 Be5 16. Bxe5 Qxe5 17. h3 Rh4 18. Rhe1 Rxd1+ 19. Qxd1 Qf4+ 20.
Qd2 a5 21. a3 Nxb3+ 22. cxb3 Qxd2+ 23. Kxd2 Rd4+ 24. Kc3 Rd7 25. Ne4 Nd5+ 26.
Kc2 f6 27. h4 e5 28. Nc3 Nf4 29. g3 Ne6 30. Nb5 Rd5 31. a4 Kd7 32. Kc3 b6 33.
Re2 Nd4 34. Nxd4 Rxd4 35. Re3 Ke6 36. Rf3 Kd5 37. Re3 Rd1 38. Re2 e4 39. Kc2
Rd3 40. Re1 Rf3 41. Re2 Kd4 42. Rd2+ Ke5 43. Re2 Kf5 0-1

[Event "XII Open Vallee d'Aoste A"]
[Site "Saint Vincent - Chatillon ITA"]
[Date "2004.02.11"]
[Round "5"]
[White "Dittmar, Peter"]
[Black "Kragelj, Igor"]
[Result "1/2-1/2"]
[WhiteElo "2369"]
[BlackElo "2247"]
[PlyCount "33"]
[EventDate "2004.02.08"]

1. c4 c5 2. Nc3 Nc6 3. g3 g6 4. Bg2 Bg7 5. e4 e6 6. Nge2 Nge7 7. d3 d6 8. O-O
O-O 9. a3 b6 10. Rb1 Bb7 11. b4 Qd7 12. Be3 Nd4 13. Qd2 Rfd8 14. Bh6 Bh8 15.
Nxd4 cxd4 16. Ne2 b5 17. cxb5 1/2-1/2

[Event "XII Open Vallee d'Aoste A"]
[Site "Saint Vincent - Chatillon ITA"]
[Date "2004.02.11"]
[Round "5"]
[White "Drabke, Lorenz Maximilian"]
[Black "Iordachescu, Viorel"]
[Result "1/2-1/2"]
[WhiteElo "2439"]
[BlackElo "2634"]
[PlyCount "39"]
[EventDate "2004.02.08"]

1. e4 g6 2. d4 Bg7 3. Nf3 d6 4. Be2 c5 5. dxc5 Qa5+ 6. Nfd2 Qxc5 7. c4 Nf6 8.
O-O O-O 9. Nc3 a6 10. Nb3 Qc7 11. Be3 Nbd7 12. Qd2 b6 13. f3 Re8 14. Nd5 Qd8
15. Rfd1 Bb7 16. Rac1 Rc8 17. Bf1 Ba8 18. Na1 Bc6 19. Nc2 Bb7 20. Ncb4 1/2-1/2

[Event "XII Open Vallee d'Aoste A"]
[Site "Saint Vincent - Chatillon ITA"]
[Date "2004.02.11"]
[Round "5"]
[White "Gershon, Alik"]
[Black "Welling, Gerard"]
[Result "1-0"]
[WhiteElo "2546"]
[BlackElo "2373"]
[PlyCount "79"]
[EventDate "2004.02.08"]

1. d4 Nf6 2. c4 c5 3. d5 e6 4. Nc3 exd5 5. cxd5 d6 6. Nf3 Be7 7. g3 O-O 8. Bg2
Ne8 9. O-O Nc7 10. a4 b6 11. e4 Nba6 12. Ne1 Nb4 13. f4 Ba6 14. Rf2 Bf6 15. Be3
Re8 16. Ra3 Rb8 17. Rd2 g6 18. Bf2 Bg7 19. Nc2 Nxc2 20. Qxc2 Bc8 21. Ra1 b5 22.
e5 Bf5 23. Qd1 b4 24. Ne4 Bxe4 25. Bxe4 dxe5 26. Bxc5 exf4 27. Bg2 fxg3 28.
hxg3 Qg5 29. Bxa7 Rbd8 30. d6 Be5 31. Rd3 Ne6 32. Bf2 Bxb2 33. Rb1 Bc3 34. Rd5
Qf6 35. a5 h5 36. a6 h4 37. Qf3 Qxf3 38. Bxf3 hxg3 39. Be3 Nf8 40. Bb6 1-0

[Event "XII Open Vallee d'Aoste A"]
[Site "Saint Vincent - Chatillon ITA"]
[Date "2004.02.11"]
[Round "5"]
[White "Giffard, Nicolas"]
[Black "Faraoni, Enrico"]
[Result "1-0"]
[WhiteElo "2345"]
[BlackElo "2164"]
[PlyCount "65"]
[EventDate "2004.02.08"]

1. Nf3 g6 2. d4 Bg7 3. Bf4 f5 4. e3 Nf6 5. Bc4 d5 6. Bd3 O-O 7. c4 e6 8. Nc3 c6
9. h4 h6 10. c5 Ne4 11. Bxe4 fxe4 12. Ne5 Bxe5 13. Bxe5 Nd7 14. Bd6 Rf5 15. f3
exf3 16. gxf3 e5 17. e4 Rh5 18. Qd3 Qf6 19. exd5 exd4 20. Ne4 Qf7 21. dxc6 bxc6
22. O-O-O Rf5 23. Rdg1 Kh7 24. h5 Qxa2 25. hxg6+ Kg8 26. g7 Rb8 27. Bxb8 Nxc5
28. Qa3 Qc4+ 29. Kb1 Rxf3 30. Qxc5 Qb3 31. Qc2 Qb5 32. Nf6+ Rxf6 33. Qh7+ 1-0

[Event "XII Open Vallee d'Aoste A"]
[Site "Saint Vincent - Chatillon ITA"]
[Date "2004.02.11"]
[Round "5"]
[White "Gromovs, Sergejs"]
[Black "Ortega, Lexy"]
[Result "1/2-1/2"]
[WhiteElo "2297"]
[BlackElo "2454"]
[PlyCount "33"]
[EventDate "2004.02.08"]

1. Nf3 d5 2. c4 e6 3. g3 dxc4 4. Na3 a6 5. Nxc4 b5 6. Ne3 Bb7 7. Bg2 Nf6 8. O-O
Nbd7 9. a4 c5 10. b3 Bd6 11. Bb2 O-O 12. Qc2 Qb6 13. Ng5 Bxg2 14. Bxf6 Nxf6 15.
Ng4 Ne4 16. Nxe4 Bxf1 17. Nef6+ 1/2-1/2

[Event "XII Open Vallee d'Aoste A"]
[Site "Saint Vincent - Chatillon ITA"]
[Date "2004.02.11"]
[Round "5"]
[White "Guido, Flavio"]
[Black "Cebalo, Miso"]
[Result "1/2-1/2"]
[WhiteElo "2315"]
[BlackElo "2475"]
[PlyCount "90"]
[EventDate "2004.02.08"]

1. e4 c5 2. c3 e6 3. d4 d5 4. exd5 exd5 5. Nf3 Nc6 6. Bb5 Bd6 7. dxc5 Bxc5 8.
O-O Nge7 9. Nbd2 O-O 10. Nb3 Bb6 11. Re1 Bg4 12. Be3 Re8 13. Bxb6 Qxb6 14. Be2
a5 15. a4 Bxf3 16. Bxf3 Red8 17. Re2 Rd7 18. Qc2 g6 19. Rd1 Rad8 20. g3 Kf8 21.
Bg2 d4 22. Nxd4 Rxd4 23. cxd4 Nxd4 24. Rxd4 Rxd4 25. Qc1 Qd8 26. Qh6+ Kg8 27.
Qe3 Rd1+ 28. Re1 Nf5 29. Qe2 Rxe1+ 30. Qxe1 b6 31. b4 axb4 32. Qxb4 Qf6 33. Be4
Nd4 34. Kg2 Kg7 35. h4 h6 36. Bb7 Qd8 37. Be4 f5 38. Bb7 f4 39. Be4 Qf6 40. Qc4
Qe5 41. Qd5 Qxd5 42. Bxd5 Kf6 43. Be4 g5 44. hxg5+ Kxg5 45. Bb7 Kf5 1/2-1/2

[Event "XII Open Vallee d'Aoste A"]
[Site "Saint Vincent - Chatillon ITA"]
[Date "2004.02.11"]
[Round "5"]
[White "Klinova, Masha"]
[Black "Falbo, Sandro"]
[Result "1-0"]
[WhiteElo "2366"]
[BlackElo "2206"]
[PlyCount "125"]
[EventDate "2004.02.08"]

1. e4 e6 2. Nf3 d5 3. Nc3 Nf6 4. e5 Nfd7 5. d4 c5 6. dxc5 Nc6 7. Bf4 Bxc5 8.
Bd3 f6 9. exf6 Nxf6 10. O-O O-O 11. Ne5 Bd7 12. Qe2 Bd4 13. Bg3 Nxe5 14. Bxe5
Bxe5 15. Qxe5 Qb6 16. h3 Rae8 17. a4 a6 18. a5 Qd8 19. Ne2 g6 20. f4 Qb8 21.
Qxb8 Rxb8 22. Ra3 Kf7 23. Kh2 Ke7 24. Nd4 Kd6 25. Rb3 Bc6 26. Re1 Rfe8 27. Nf3
Nd7 28. Bf1 Nc5 29. Rbe3 Bb5 30. Bxb5 axb5 31. Ng5 b4 32. Nxh7 Ra8 33. Ng5 Rxa5
34. b3 Ra2 35. R1e2 b6 36. Nf7+ Kc7 37. Ne5 Rg8 38. g4 Kd6 39. Kg3 Ne4+ 40. Kf3
Nc5 41. Rd2 Rg7 42. Ree2 Ra1 43. Rd4 Na6 44. Nd3 b5 45. Ne5 Kc5 46. Rdd2 Rf1+
47. Kg2 Ra1 48. Re3 Kd6 49. Nd3 Rf7 50. Rde2 Nc7 51. h4 Ra8 52. Kg3 Raf8 53.
Re5 Rf6 54. h5 gxh5 55. Rxh5 Na6 56. g5 Rf5 57. Re5 R5f7 58. Rh4 Rc8 59. Rh6
Re7 60. Re2 Nc5 61. Nxc5 Rxc5 62. f5 Rc3+ 63. Kg4 1-0

[Event "XII Open Vallee d'Aoste A"]
[Site "Saint Vincent - Chatillon ITA"]
[Date "2004.02.11"]
[Round "5"]
[White "Manca, Federico"]
[Black "Romanishin, Oleg M."]
[Result "0-1"]
[WhiteElo "2363"]
[BlackElo "2537"]
[PlyCount "76"]
[EventDate "2004.02.08"]

1. e4 e5 2. Nf3 Nc6 3. d4 exd4 4. Nxd4 Bc5 5. Nxc6 Qf6 6. Qd2 dxc6 7. Nc3 Ne7
8. Qf4 Qe6 9. Qxc7 Bb4 10. Bd2 Bxc3 11. Bxc3 Qxe4+ 12. Kd2 Qd5+ 13. Kc1 Bf5 14.
Qxb7 Rd8 15. Bd3 Bxd3 16. cxd3 Qg5+ 17. Kc2 O-O 18. Qxa7 Nd5 19. Rhe1 Nxc3 20.
bxc3 Qxg2 21. Qe3 Qd5 22. Qe4 Qc5 23. Rab1 Ra8 24. Rb2 Qxf2+ 25. Kb1 Qc5 26.
Qb4 Qd5 27. Qe4 Qd7 28. Qc4 g6 29. Ka1 Ra5 30. Rf2 Rd5 31. d4 Kg7 32. Rb2 Rf5
33. Reb1 h5 34. Rb6 Rf6 35. Qc5 Re8 36. Rb7 Qh3 37. Rc7 Qxh2 38. Qa7 Qg3 0-1